000 00773nam a2200217Ia 4500
003 GCL
008 140319s9999 xx 000 0 ara d
020 _a7666701977
040 _aGCL /
_cGCL
082 0 4 _a811.082
_bا م
100 1 _aامل عامر
245 1 0 _aمساحة دفا :
_bاشعار بالعامية المصرية /
_cامل عامر
260 _aالقاهرة :
_bالهيئة المصرية العامة للكتاب ،
_c2000
300 _a112 ص ؛
_c12 سم
490 _aكتابات جديدة
_v0
650 0 4 _aالشعر العربى
650 0 4 _aالشعر
650 0 4 _aالشعر العربى - العصر الحديث
650 0 4 _aالشعر العربى - مصر - تاريخ ونقد - العصر الحديث
942 _2ddc
_cBK
999 _c9238
_d9238